000 00640nam a2200253Ia 4500
005 20260121155127.0
008 008 260114s9999 xx 000 0 eng d
020 _a9780429460197
037 _aEBOOK
040 _aCRL
040 _beng
040 _cCRL
041 _2eng
041 _aeng
084 _qCRL
100 _a Ying Zhu; Min Min
_91015709
245 0 _aImproving Competitiveness through Human Resource Development in China
260 _bTaylor and Francis
260 _c2020
856 _uhttp://www.taylorfrancis.com/books/9780429460197
942 _cEBOOK
999 _c1582528
_d1582528